Planning research in hospitality and tourism / (Record no. 48672)

MARC details
000 -LEADER
fixed length control field 00555nam a2200217Ia 4500
005 - DATE AND TIME OF LATEST TRANSACTION
control field 20260122095527.0
008 - FIXED-LENGTH DATA ELEMENTS--GENERAL INFORMATION
fixed length control field 260121s9999||||xx |||||||||||||| ||und||
020 ## - INTERNATIONAL STANDARD BOOK NUMBER
International Standard Book Number 9781032522586
082 ## - DEWEY DECIMAL CLASSIFICATION NUMBER
Classification number 338.4791
Item number ALT
100 ## - MAIN ENTRY--PERSONAL NAME
Personal name Altinay, Levent
245 #0 - TITLE STATEMENT
Title Planning research in hospitality and tourism /
250 ## - EDITION STATEMENT
Edition statement 3rd ed.
260 ## - PUBLICATION, DISTRIBUTION, ETC. (IMPRINT)
Place of publication, distribution, etc London :
Name of publisher, distributor, etc Routledge,
Date of publication, distribution, etc 2024.
300 ## - PHYSICAL DESCRIPTION
Extent xv, 356 p.; pbk
650 ## - SUBJECT ADDED ENTRY--TOPICAL TERM
Topical term or geographic name as entry element Hospitality
650 ## - SUBJECT ADDED ENTRY--TOPICAL TERM
Topical term or geographic name as entry element Research
650 ## - SUBJECT ADDED ENTRY--TOPICAL TERM
Topical term or geographic name as entry element Tourism
700 ## - ADDED ENTRY--PERSONAL NAME
Personal name Ali, Faizan
700 ## - ADDED ENTRY--PERSONAL NAME
Personal name Paraskevas, Alexandros
942 ## - ADDED ENTRY ELEMENTS (KOHA)
Koha item type Text Books
Holdings
Date last seen Total Checkouts Full call number Barcode Price effective from Koha item type Lost status Damaged status Not for loan Collection code Withdrawn status Home library Current library Shelving location Date acquired Source of acquisition
22/01/2026   338.4791 ALT 55068 22/01/2026 Text Books       Non-fiction   CUTN Central Library CUTN Central Library Social Sciences 22/01/2026 Technical Buearu, New Delhi - Invoice No. - TB4434 on 07-03-2025